000 00273nam a2200097Ia 4500
008 231107s2016 xx 000 0 und d
041 _aeng
100 _aJefferis Alan
245 _aCommercial Drafting & Detailing 3rd ed.
260 _aAustralia
_bDelmar Cengage Learning
_c2016
999 _c930445
_d930445